000 00714cab a2200229 4500
001 ABS51998
008 090401t1994 xxu||||| |||| 00| 0 eng d
035 _a(Sirsi) u54214
041 _aeng
100 _aJameson, R.
245 _aSeparate representation: a case against
260 _c1994
350 _a0
490 _aLaw Society`s Gazette
_v91(45) 7 December 1994, 13(1)
520 _aExamines the argument that separate representation would be a retrograde step for the legal profession and the public which it serves.
650 _aCONVEYANCING
650 _aSEPARATE REPRESENTATION
650 _aSOLE PRACTITIONERS
690 _aPROPERTY LAW AND PRACTICE
942 _n0
948 _c04/03/1997
999 _c33238
_d33238